000 00627nam a22001937a 4500
005 20250915155206.0
010 _aENG-146557
020 _c1050.00
_a9789364443593
035 _aEN-130089
037 _bDBAD
082 _a336.6
100 _aCHANDRA, PRASANNA
_985078
245 _aINVESTMENT ANALYSIS AND PORTFOLIO MANAGEMENT/
_bPRASANNA CHANDRA
250 _aSeventh edition
260 _aChennai
_bMcgraw hill education (india) private limited
_c2026
270 _aAnjana complex no: 5/90A, butt road, st. thomas mount,
_bChennai
_e600016
300 _aVp.
_c24cm(pb)
942 _2ddc
_cEN
_mCHA
_h336.6
999 _c213155
_d213155